Grundlagen der modernen Quantenphysik /

Bibliographic Details
Main Author: Heber, Gerhard
Other Authors: Weber, Gerhard
Format: Book
Language:German
Published: Leipzig : Teubner, 1956-57.
Series:Mathematisch-naturwissenschaftliche Bibliothek ; 1-2.
Subjects:

MARC

Tag First Indicator Second Indicator Subfields
LEADER 00000cam a2200000 4500
001 in00000041065
005 20151007070622.0
008 750421m19561957ge a b 00010 ger u
010 |a  57025818  
035 |a (OCoLC)01289843 
035 |9 AAE4363AM 
040 |c GAT  |d TXA  |d UtOrBLW 
049 |a TXAM  |v 1 [305829] 
050 0 0 |a QC174.1  |b .H384 
092 |a 539  |b H445g 
100 1 |a Heber, Gerhard. 
245 1 0 |a Grundlagen der modernen Quantenphysik /  |c von Gerhard Heber [und] Gerhard Weber. 
264 1 |a Leipzig :  |b Teubner,  |c 1956-57. 
300 |a 2 volumes :  |b illustrations ;  |c 20 cm. 
336 |a text  |b txt  |2 rdacontent 
337 |a unmediated  |b n  |2 rdamedia 
338 |a volume  |b nc  |2 rdacarrier 
490 1 |a Mathematisch-naturwissenschaftliche Bibliothek,  |v 1-2 
504 |a Bibliography: volume 1, page [142]; volume 2, page 134. 
650 0 |a Quantum theory. 
700 1 |a Weber, Gerhard. 
830 0 |a Mathematisch-naturwissenschaftliche Bibliothek ;  |v 1-2. 
999 |a MARS 
999 f f |s a5468bf9-570e-30b2-9cef-f42482376f6e  |i 5b9c6541-8d0c-3e54-97ff-a9a3057cddc6  |t 0 
952 f f |p ric  |a Texas A&M University  |b Rellis Campus  |c Joint Library Facility  |d Remote Storage  |t 0  |e QC174.1 .H384  |h Library of Congress classification  |i unmediated -- volume  |k v.1  |m A14800927097 
998 f f |a QC174.1 .H384  |s v.1  |t 0  |l Remote Storage